Historia de las ideas y de la cultura en Chile: desde la Independencia hasta el Bicentenario

Salvato in:
Dettagli Bibliografici
Autore principale: Subercaseaux Sommerhoff, Bernardo (Autore)
Natura: Libro
Lingua:spagnolo
Pubblicazione: Santiago, Chile Universitaria 2011
Serie:Imagen de Chile
Soggetti:
Tags: Aggiungi Tag
Nessun Tag, puoi essere il primo ad aggiungerne!!

MARC

LEADER 00000cam a2200000 a 4500
001 UCF1776
003 CL-VaPUC
005 20250321101909.0
008 120723e20110000CL |||||||||||||||||spa|d
999 |c 348464  |d 348462 
020 |a 9789561123458v.1 
020 |a 9789561123465v.2 
020 |a 9789561123472v.3 
040 |c Pontificia Universidad Católica de Valparaíso 
082 0 4 |a 983 SUB 2011  |2 21 
100 0 |a Subercaseaux Sommerhoff, Bernardo  |e author  |9 563266 
245 1 0 |a Historia de las ideas y de la cultura en Chile:  |b  desde la Independencia hasta el Bicentenario 
260 |a Santiago, Chile  |b Universitaria  |c 2011 
300 |a volúmenes 
490 0 |a Imagen de Chile 
500 |a c.5. v.I-II-III.Instituto Arcos 8-1-2025. 
583 |a last modification  |c 20131007 05:26:20  |k Rodrigo Vera 
650 0 |a Historia de Chile   |y SIGLOS 19-21  |9 322385 
650 0 |a Independencia   |z CHILE  |9 344246 
650 0 |a Política y cultura  |z CHILE  |9 563267 
650 7 |a DESARROLLO CULTURAL  |z CHILE  |9 856383 
852 |a BIBCUR 
942 |c BK  |2 ddc  |n 0 
945 |d 20120723 00:00:00  |a dcastane 
952 |0 0  |1 0  |2 ddc  |4 0  |6 983_000000000000000_SUB_2011  |7 0  |8 A  |9 450474  |a BIBING  |b BIBING  |d 2019-11-22  |h v.1  |i 4883721  |o 983 SUB 2011  |p 4883721  |r 2025-01-20  |t 3  |w 2019-11-22  |y BK  |k CUI 
952 |0 0  |1 0  |2 ddc  |4 0  |6 983_000000000000000_SUB_2011  |7 0  |8 A  |9 450475  |a BIBING  |b BIBING  |d 2019-11-22  |h v.2  |i 488373K  |o 983 SUB 2011  |p 488373K  |r 2025-01-20  |t 3  |w 2019-11-22  |y BK  |k CUI 
952 |0 0  |1 0  |2 ddc  |4 0  |6 983_000000000000000_SUB_2011  |7 0  |8 A  |9 450476  |a BIBING  |b BIBING  |d 2019-11-22  |h v.3  |i 4883748  |o 983 SUB 2011  |p 4883748  |r 2025-01-20  |t 3  |w 2019-11-22  |y BK  |k CUI 
952 |0 0  |1 0  |2 ddc  |4 0  |6 983_000000000000000_SUB_2011  |7 0  |8 X  |9 450477  |a FDOBUD  |b FDOBUD  |d 2019-11-22  |h v.1  |i 4861612  |o 983 SUB 2011  |p 4861612  |r 2019-11-22  |t 1  |w 2019-11-22  |y BK_X  |k BUD 
952 |0 0  |1 0  |2 ddc  |4 0  |6 983_000000000000000_SUB_2011  |7 0  |8 X  |9 450478  |a FDOBUD  |b FDOBUD  |d 2019-11-22  |h v.2  |i 4861620  |o 983 SUB 2011  |p 4861620  |r 2019-11-22  |t 1  |w 2019-11-22  |y BK_X  |k BUD 
952 |0 0  |1 0  |2 ddc  |4 0  |6 983_000000000000000_SUB_2011  |7 0  |8 X  |9 450479  |a FDOBUD  |b FDOBUD  |d 2019-11-22  |h v.3  |i 4861639  |o 983 SUB 2011  |p 4861639  |r 2019-11-22  |t 1  |w 2019-11-22  |y BK_X  |k BUD 
952 |0 0  |1 0  |2 ddc  |3 erb  |4 0  |6 983_000000000000000_SUB_2011  |7 0  |8 A  |9 450480  |a BIBEDU  |b BIBEDU  |d 2019-11-22  |h v.1  |i 5017041  |o 983 SUB 2011  |p 5017041  |r 2019-11-22  |t 2  |w 2019-11-22  |y BK  |z Catalogado en:20131011  |k LIT 
952 |0 0  |1 0  |2 ddc  |3 erb  |4 0  |6 983_000000000000000_SUB_2011  |7 0  |8 A  |9 450481  |a BIBEDU  |b BIBEDU  |d 2019-11-22  |h v.2  |i 501705K  |l 1  |o 983 SUB 2011  |p 501705K  |r 2022-05-25  |s 2022-05-11  |t 2  |w 2019-11-22  |y BK  |z Catalogado en:20131011  |k LIT 
952 |0 0  |1 0  |2 ddc  |3 erb  |4 0  |6 983_000000000000000_SUB_2011  |7 0  |8 A  |9 450482  |a BIBEDU  |b BIBEDU  |d 2019-11-22  |h v.3  |i 5017068  |o 983 SUB 2011  |p 5017068  |r 2019-11-22  |t 2  |w 2019-11-22  |y BK  |z Catalogado en:20131011  |k LIT 
952 |0 0  |1 0  |2 ddc  |3 erb  |4 0  |6 983_000000000000000_SUB_2011  |7 0  |8 A  |9 450483  |a BIBING  |b BIBING  |h v.1  |i 5032997  |o 983 SUB 2011  |p 5032997  |r 2025-01-20  |t 4  |w 2019-11-22  |y BK  |z Catalogado en:20140529  |k CUI 
952 |0 0  |1 0  |2 ddc  |3 erb  |4 0  |6 983_000000000000000_SUB_2011  |7 0  |8 A  |9 450484  |a BIBING  |b BIBING  |h v.2  |i 5033004  |o 983 SUB 2011  |p 5033004  |r 2025-01-20  |t 4  |w 2019-11-22  |y BK  |z Catalogado en:20140529  |k CUI 
952 |0 0  |1 0  |2 ddc  |3 erb  |4 0  |6 983_000000000000000_SUB_2011  |7 0  |8 A  |9 450485  |a BIBING  |b BIBING  |h v.3  |i 5033012  |o 983 SUB 2011  |p 5033012  |r 2025-01-20  |t 4  |w 2019-11-22  |y BK  |z Catalogado en:20140529  |k CUI 
952 |0 0  |1 0  |2 ddc  |4 0  |6 983_000000000000000_SUB_2011  |7 0  |8 A  |9 599694  |a BIBINC  |b BIBINC  |d 2025-01-21  |e Instituto Arcos   |h v.I  |i 5664655  |o 983 SUB 2011  |p 5664655  |r 2025-01-21  |t 5  |w 2025-01-21  |y BK  |k IFP 
952 |0 0  |1 0  |2 ddc  |4 0  |6 983_000000000000000_SUB_2011  |7 0  |8 A  |9 599695  |a BIBINC  |b BIBINC  |d 2025-01-21  |e Instituto Arcos   |h v.II  |i 5664656  |o 983 SUB 2011  |p 5664656  |r 2025-01-21  |t 5  |w 2025-01-21  |y BK  |k IFP 
952 |0 0  |1 0  |2 ddc  |4 0  |6 983_000000000000000_SUB_2011  |7 0  |8 A  |9 599696  |a BIBINC  |b BIBINC  |d 2025-01-21  |e Instituto Arcos   |h v.III  |i 5664657  |o 983 SUB 2011  |p 5664657  |r 2025-01-21  |t 5  |w 2025-01-21  |y BK  |k IFP